[Event "Bratislava Doprastav op"]
[Site "Bratislava"]
[Date "2008.06.29"]
[Round "3"]
[White "Ujhelyi, Matus"]
[Black "Bury, Rastislav"]
[Result "0-1"]
[WhiteElo "1924"]
[BlackElo "2094"]
[PlyCount "102"]
[EventDate "2008.06.28"]
[EventType "swiss"]
[EventRounds "7"]
[EventCountry "SVK"]
[SourceTitle "CBM 125 Extra"]
[Source "ChessBase"]
[SourceDate "2008.09.01"]
[SourceVersion "1"]
[SourceVersionDate "2008.09.01"]
[SourceQuality "1"]

1. e4 c5 2. Nf3 d6 3. d4 cxd4 4. Nxd4 Nf6 5. Nc3 a6 6. Bc4 b5 7. Bd3 e5 8. Nb3 Bb7 9. Qe2 Be7 10. 0-0 0-0 11. f4 b4 12. Nd1 Nbd7 13. c3 exf4 14. Bxf4 Ne5 15. Nf2 bxc3 16. bxc3 Nxd3 17. Qxd3 Qb6 18. Kh1 Rad8 19. Rab1 Qc7 20. Nd4 Nd7 21. Nf5 Ne5 22. Bxe5 dxe5 23. Qg3 g6 24. Nxe7+ Qxe7 25. Rb6 Qc7 26. Qe3 Qc4 27. Rfb1 Bc8 28. Nd1 Qxa2 29. Qe1 Rd2 30. Ne3 Re2 31. Qg3 Be6 32. Nf5 Rxe4 33. R6b2 Qa3 34. Rf2 Kh8 35. Nh4 Qc5 36. Rbf1 Rg4 37. Qf3 Rf4 38. Qg3 Rxf2 39. Rxf2 Rd8 40. h3 e4 41. Qf4 Rd1+ 42. Kh2 Qd6 43. Qxd6 Rxd6 44. g4 e3 45. Rf3 Rd3 46. Ng2 Bd5 47. Rxe3 Rd2 48. Rg3 Rxg2+ 49. Rxg2 Bxg2 50. Kxg2 a5 51. c4 Kg8 0-1

[Event "Piestany Pressburg op"]
[Site "Piestany"]
[Date "2007.11.16"]
[Round "4"]
[White "Ujhelyi, Matus"]
[Black "Mrazik, Lubomir"]
[Result "0-1"]
[WhiteElo "1847"]
[BlackElo "2026"]
[PlyCount "44"]
[EventDate "2007.11.14"]
[EventType "swiss"]
[EventRounds "7"]
[EventCountry "SVK"]
[SourceTitle "CBM 121 Extra"]
[Source "ChessBase"]
[SourceDate "2008.01.10"]
[SourceVersion "1"]
[SourceVersionDate "2008.01.10"]
[SourceQuality "1"]

1. e4 c5 2. Nf3 d6 3. d4 cxd4 4. Nxd4 Nf6 5. Nc3 a6 6. a4 e6 7. f4 Qc7 8. Be2 Be7 9. Be3 Nc6 10. Nb3 0-0 11. a5 Nd7 12. 0-0 Nc5 13. Bf3 Rb8 14. Bg4 b6 15. f5 Nxb3 16. axb6 Rxb6 17. cxb3 Rb8 18. fxe6 fxe6 19. Rxf8+ Bxf8 20. Rc1 Qb7 21. Bf4 Na5 22. Bxd6 Qb6+ 0-1

[Event "SVK-ch op-A"]
[Site "Banska Stiavnica"]
[Date "2007.07.13"]
[Round "7.61"]
[White "Ujhelyi, Matus"]
[Black "Mesaros, Jan"]
[Result "1-0"]
[WhiteElo "1888"]
[BlackElo "1965"]
[PlyCount "45"]
[EventDate "2007.07.07"]
[EventType "swiss"]
[EventRounds "9"]
[EventCountry "SVK"]
[SourceTitle "EXT 2010"]
[Source "ChessBase"]
[SourceDate "2010.11.25"]
[SourceVersion "1"]
[SourceVersionDate "2010.11.25"]
[SourceQuality "1"]

1. e4 c5 2. Nf3 d6 3. d4 cxd4 4. Nxd4 Nf6 5. Nc3 a6 6. Be3 e6 7. f3 Nbd7 8. g4 h6 9. Qd2 b5 10. h4 Ne5 11. Rg1 Bb7 12. a3 Rc8 13. g5 hxg5 14. hxg5 Nfd7 15. g6 Nc5 16. gxf7+ Kxf7 17. 0-0-0 Qa5 18. Kb1 Na4 19. Nxa4 Qxa4 20. Qg2 b4 21. f4 bxa3 22. fxe5 Qb4 23. Qg6+ 1-0

[Event "SVK-ch op-A"]
[Site "Banska Stiavnica"]
[Date "2007.07.10"]
[Round "4.51"]
[White "Bakalar, Jan"]
[Black "Ujhelyi, Matus"]
[Result "1/2-1/2"]
[WhiteElo "2110"]
[BlackElo "1888"]
[PlyCount "61"]
[EventDate "2007.07.07"]
[EventType "swiss"]
[EventRounds "9"]
[EventCountry "SVK"]
[SourceTitle "EXT 2010"]
[Source "ChessBase"]
[SourceDate "2010.11.25"]
[SourceVersion "1"]
[SourceVersionDate "2010.11.25"]
[SourceQuality "1"]

1. e4 e6 2. d4 d5 3. Nd2 Nf6 4. e5 Nfd7 5. Bd3 c5 6. c3 Nc6 7. Ne2 cxd4 8. cxd4 f6 9. exf6 Nxf6 10. 0-0 Bd6 11. Nf3 0-0 12. Bg5 Qc7 13. Bh4 Nh5 14. Bg3 Nxg3 15. fxg3 g6 16. Rc1 Qg7 17. a3 Bd7 18. Qd2 Bc7 19. Kh1 a6 20. b4 Bb6 21. Bb1 Rf7 22. h4 Raf8 23. Rfe1 h6 24. Nf4 Nxd4 25. Nxd4 Bxd4 26. Nxg6 Rf2 27. Qd3 Bb5 28. Ne7+ Kh8 29. Ng6+ Kg8 30. Ne7+ Kh8 31. Ng6+ 1/2-1/2